00000000nam##2200000za#4500
0019.576588
003CaOODSP
00520210624185217
007cr |||||||||||
008150406|1985||||xxc|||||o    f|0| 0 eng|d
040 |aCaOODSP|beng
043 |an-cn---
0861 |aFs97-13/522E-PDF
1101 |aCanada. |bDepartment of Fisheries and Oceans.
24510|aJohnstone Strait chum test fishing data for 1965 – 1984 / |h[electronic resource]|cby A.P. Gould and L. Hop Wo.
260 |aNanaimo - British Columbia : |bFisheries and Oceans Canada |c1985.
300 |a116p.|bfigs., references, tables
4901 |aCanadian data report of fisheries and aquatic sciences|vNo. 522
500 |aOn t.p.: Field Services Branch, Nanaimo, British Columbia. Catalogue number of the print edition appears in the PDF version.
546 |a(Résumé en français)
590 |a13-15-Supp|b2013-06-24
7201 |aHop Wo, L.
7201 |aGould, A. P.
830#0|aCanadian data report of fisheries and aquatic sciences ;|vNo. 522|w(CaOODSP)9.505124
85640|ahttp://publications.gc.ca|qPDF|s1477 KB|uhttps://publications.gc.ca/collections/collection_2013/mpo-dfo/Fs97-13-522-eng.pdf|yNo. 522